| 000 | 00421nam a2200145Ia 4500 | ||
|---|---|---|---|
| 008 | 231129s2006||||xx |||||||||||||| ||spa|| | ||
| 020 | _a84-7702-263-1 | ||
| 040 | _bspa | ||
| 082 | _aI823 D314hi | ||
| 100 | _aDefoe Daniel | ||
| 245 | 0 | _aHistoria general de los robos y asesinatos de los más famosos piratas | |
| 260 | _c2006 | ||
| 264 | _aValdemar historica | ||
| 942 |
_2ddc _cBKS |
||
| 999 |
_c15303 _d15303 |
||